Knowsley Housing Trust v Anita McMullen (Record no. 77169)
[ view plain ]
| 000 -LEADER | |
|---|---|
| fixed length control field | 02188cab a2200277 4500 |
| 001 - CONTROL NUMBER | |
| control field | ##L133713 |
| 008 - FIXED-LENGTH DATA ELEMENTS--GENERAL INFORMATION | |
| fixed length control field | 060605n2006 000 0 eng u |
| 035 ## - SYSTEM CONTROL NUMBER | |
| System control number | (Sirsi) u133713 |
| 041 0# - LANGUAGE CODE | |
| Language code of text/sound track or separate title | eng |
| 245 00 - TITLE STATEMENT | |
| Title | Knowsley Housing Trust v Anita McMullen |
| 260 ## - PUBLICATION, DISTRIBUTION, ETC. | |
| Date of publication, distribution, etc. | 2006 |
| 520 ## - SUMMARY, ETC. | |
| Summary, etc. | [2006] EWCA Civ 539, 9 May 2006. Considers the validity of a suspended possession order. Appeal by M against a suspended order of possession of her home in favour of K. M, a person deemed disabled under the Disability Discrimination Act 1995, lived with her son, a serial young offender. K claimed possession on the grounds that M and predominantly her son had been guilty of nuisance and damage to the house. The judge ruled that the possession order was to be suspended if no further acts of nuisance were committed by M or her son. M argued against the validity of the order on the grounds that she was unable to control her son and that the order should have contained a term requiring K, if it wished to apply for the issue of a warrant of possession, to apply to the court on notice to M for permission to apply."Held": appeal dismissed. No general principle exists that an immediate or suspended order of possession should not be made where a tenant cannot control the nuisance-making behaviour of another member of its household. The judge's order was amended to make K apply to the court on notice to M if it wanted to apply for a warrant of possession. |
| 590 ## - LOCAL NOTE (RLIN) | |
| Local note | IKA060606 |
| 650 24 - SUBJECT ADDED ENTRY--TOPICAL TERM | |
| Topical term or geographic name entry element | KNOWSLEY HOUSING TRUST V MCMULLEN |
| 650 24 - SUBJECT ADDED ENTRY--TOPICAL TERM | |
| Topical term or geographic name entry element | PORTSMOUTH CITY COUNCIL V BRYANT |
| 650 24 - SUBJECT ADDED ENTRY--TOPICAL TERM | |
| Topical term or geographic name entry element | HOUSING ACT 1988 |
| 650 24 - SUBJECT ADDED ENTRY--TOPICAL TERM | |
| Topical term or geographic name entry element | ST BRICE AND ANOTHER V SOUTHWARK LBC |
| 650 24 - SUBJECT ADDED ENTRY--TOPICAL TERM | |
| Topical term or geographic name entry element | HOUSING ACT 1988 PART II SCHED 2 GROUND 12 |
| 650 24 - SUBJECT ADDED ENTRY--TOPICAL TERM | |
| Topical term or geographic name entry element | HOUSING ACT 1988 PART II SCHED 2 GROUND 13 |
| 650 24 - SUBJECT ADDED ENTRY--TOPICAL TERM | |
| Topical term or geographic name entry element | HOUSING ACT 1988 PART II SCHED 2 GROUND 14 |
| 650 24 - SUBJECT ADDED ENTRY--TOPICAL TERM | |
| Topical term or geographic name entry element | DISABILITY DISCRIMINATION ACT 1995 |
| 651 #4 - SUBJECT ADDED ENTRY--GEOGRAPHIC NAME | |
| Geographic name | England and Wales |
| Chronological subdivision | 1543- |
| 690 ## - LOCAL SUBJECT ADDED ENTRY--TOPICAL TERM (OCLC, RLIN) | |
| Topical term or geographic name as entry element | PROPERTY-RESIDENTIAL PROPERTY-RESIDENTIAL LANDLORD AND TENANT-RESIDENTIAL LEASES-BREACHING RESIDENTIAL LEASES |
| 856 40 - ELECTRONIC LOCATION AND ACCESS | |
| Uniform Resource Identifier | <a href="https://www.bailii.org/ew/cases/EWCA/Civ/2006/539.html">https://www.bailii.org/ew/cases/EWCA/Civ/2006/539.html</a> |
| Public note | View the judgment free of charge at www.bailii.org... |
| 942 ## - ADDED ENTRY ELEMENTS (KOHA) | |
| Suppress in OPAC | 0 |
| Withdrawn status | Lost status | Source of classification or shelving scheme | Damaged status | Not for loan | Home library | Current library | Shelving location | Date acquired | Total Checkouts | Full call number | Barcode | Date last seen | Copy number | Price effective from | Koha item type |
|---|---|---|---|---|---|---|---|---|---|---|---|---|---|---|---|
| Dewey Decimal Classification | Virtual | Virtual | Online | 05/06/2006 | ONLINE PUBLICATION | 133713-2001 | 06/08/2019 | 1 | 06/08/2019 | Law report |